000 00623cam a22001932 4500
001 0000023520
005 20151217161203.0
008 130211s xx 000 0 eng d
040 _aKABU
_cKABU
110 2 _aInternational Organization for Standardization [ISO]
_@0000182946
245 1 0 _aISO 28000 Specification for security management systems for the supply chain /
_cISO.
250 _a1st ed.
260 _aGeneva :
_bISO,
_c2007.
300 _avi, 16 p.
650 0 _aSecurity systems.
_@0000182958
852 1 _9p9494 KES
908 _a130211
950 _@1
999 _c15289
_d15289